000 00523nam a2200169Ia 4500
008 090711s9999 xx 000 0 und d
082 _b64929
100 _aभावे पुरुषोत्तम भा.
245 _aकोवळी मने
260 _c1990
300 _a86
600 _aभावे पुरुषोत्तम भा.
630 _aकोवळी मने
700 _aभावे पुरुषोत्तम भा.
730 _aकोवळी मने
942 _cBOOK
999 _c310677
_d310677